000 00318nam a2200121Ia 4500
008 241015s9999 xx 000 0 und d
041 _aeng
082 _a657.3 NAR
100 _aNarasimhan
245 _aFinancial Statements And Analysis
260 _bCengage Learning India
_aAustralia
_c2024
300 _a284;. P. 24 cm
999 _c41777
_d41777